000 00581nam a22001817a 4500
999 _c184211
_d184211
005 20220114143117.0
010 _aENG-131141
020 _a978-93-86689-32-0
_c350.00
035 _aEN-114673
037 _bDBAD
082 _a350
100 _aChakrabarty, Bidyut
245 _aPublic Administration:
_cBidyut Chakrabarty, Prakash Chand
_bFrom Government to Governance/
260 _aTelangana
_bOrient Blackswan Private Limited
_c2020
270 _bTelangana
_a3-6-752 Himayatnagar
_e500029
300 _a344p.
_c24cm(pbk)
_bIndex
942 _2ddc
_cEN
_h350
_mCHA